000 00311 a2200121 4500
001 ART_33041
005 20260410161926.0
008 260409a
245 1 0 _aRisgo soberano
100 1 _aPorta, Marcos
700 1 _aPerotti, Estrella
773 0 _tLecturas
_g- NÂș 18 (ene. 2015)
_wREV19328
999 _c28176
_d28176